[Event "IECC CL7-2000.26"]
[Site "IECC email"]
[Date "2000.05.03"]
[Round "?"]
[White "Yeomans, Alan"]
[Black "Cunningham, Don"]
[Result "1-0"]
[WhiteElo "1088"]
[BlackElo "946"]
[PlyCount "66"]
[EventDate "2000.??.??"]
[EventType "tourn (corr)"]
[EventRounds "4"]
[SourceTitle "Corr 2008"]
[Source "ChessBase"]
[SourceDate "2008.06.24"]
[SourceVersion "1"]
[SourceVersionDate "2008.06.24"]
[SourceQuality "1"]

1. e4 c5 2. Nf3 d6 3. Nc3 e5 4. Nd5 Nf6 5. Bc4 Nxe4 6. d3 Nf6 7. Ng5 Be7 8. Nxf6+ Bxf6 9. Nxf7 Qd7 10. Nxh8 d5 11. Qh5+ g6 12. Nxg6 hxg6 13. Qxg6+ Qf7 14. Qxf7+ Kxf7 15. Bxd5+ Ke7 16. 0-0 Nd7 17. Re1 Nb6 18. c4 Nxd5 19. cxd5 Kd6 20. Bh6 Kxd5 21. Rac1 b6 22. f4 Ba6 23. Rcd1 Kd4 24. fxe5 Bh4 25. Re4+ Kd5 26. Rxh4 Rg8 27. d4 Bb7 28. dxc5+ Ke6 29. Rd6+ Ke7 30. c6 Rg6 31. Rxg6 Bxc6 32. Bg5+ Kd7 33. Rh7+ Kc8 1-0

[Event "IECC CL7-2000.22"]
[Site "IECC email"]
[Date "2000.03.19"]
[Round "?"]
[White "Copin, Jean Christophe"]
[Black "Yeomans, Alan"]
[Result "0-1"]
[WhiteElo "1109"]
[BlackElo "1004"]
[PlyCount "96"]
[EventDate "2000.??.??"]
[EventType "tourn (corr)"]
[EventRounds "4"]
[SourceTitle "Corr 2008"]
[Source "ChessBase"]
[SourceDate "2008.06.24"]
[SourceVersion "1"]
[SourceVersionDate "2008.06.24"]
[SourceQuality "1"]

1. e4 e5 2. Nf3 Nc6 3. Bb5 a6 4. Bxc6 dxc6 5. 0-0 Bg4 6. h3 Bxf3 7. Qxf3 Nf6 8. d3 Bc5 9. Be3 Qd6 10. Nc3 0-0-0 11. Rad1 Bd4 12. Rfe1 Rhe8 13. Bg5 Re6 14. Ne2 h6 15. Nxd4 Qxd4 16. c3 Qc5 17. Bxf6 Rxf6 18. Qg3 b5 19. Re3 b4 20. d4 exd4 21. Red3 bxc3 22. bxc3 Qa3 23. Rxd4 Rxd4 24. Rxd4 Qxa2 25. Qxg7 Qxf2+ 26. Kh2 Qf4+ 27. Qg3 Qxg3+ 28. Kxg3 Rd6 29. Ra4 Kb7 30. e5 Rd3+ 31. Kg4 Rxc3 32. Re4 c5 33. Kf5 Rd3 34. Rh4 a5 35. Rxh6 a4 36. e6 fxe6+ 37. Rxe6 a3 38. h4 a2 39. Re1 c4 40. h5 c3 41. h6 c2 42. h7 Rd1 43. h8Q c1Q 44. Rxd1 Qb1+ 45. Ke6 Qb3+ 46. Rd5 c6 47. Qg7+ Ka6 48. Kd7 Qb7+ 0-1

[Event "IECC P email"]
[Site "IECC email"]
[Date "2000.02.04"]
[Round "?"]
[White "Yeomans, Alan"]
[Black "Forsyth, Mark"]
[Result "1-0"]
[WhiteElo "979"]
[BlackElo "916"]
[PlyCount "67"]
[EventDate "2000.??.??"]
[EventType "tourn (corr)"]
[EventRounds "6"]
[SourceTitle "Corr 2008"]
[Source "ChessBase"]
[SourceDate "2008.06.24"]
[SourceVersion "1"]
[SourceVersionDate "2008.06.24"]
[SourceQuality "1"]

1. e4 e6 2. d4 Nc6 3. Nf3 d6 4. d5 Nd4 5. Qxd4 e5 6. Qa4+ Bd7 7. Qb3 Nf6 8. Bg5 h6 9. Be3 Nxe4 10. Bd3 Nc5 11. Bxc5 dxc5 12. 0-0 Qe7 13. Re1 Qf6 14. Nxe5 Bd6 15. Ng4+ Qe7 16. Rxe7+ Kxe7 17. f3 h5 18. Nf2 Rae8 19. Nc3 Kd8 20. Qxb7 Bf4 21. Bb5 Bd2 22. Nfe4 Be3+ 23. Kf1 f5 24. Nf2 h4 25. d6 Bxb5+ 26. Nxb5 Re7 27. Qb8+ Kd7 28. Qxc7+ Ke6 29. Qxe7+ Kd5 30. Rd1+ Kc6 31. Nxa7+ Kb6 32. Qc7+ Ka6 33. d7 Bg5 34. Rd6# 1-0

[Event "IECC CL7-2000.13"]
[Site "IECC email"]
[Date "2000.02.02"]
[Round "?"]
[White "Yeomans, Alan"]
[Black "Copin, Jean Christophe"]
[Result "0-1"]
[WhiteElo "1000"]
[BlackElo "1030"]
[PlyCount "100"]
[EventDate "2000.??.??"]
[EventType "tourn (corr)"]
[EventRounds "4"]
[SourceTitle "Corr 2008"]
[Source "ChessBase"]
[SourceDate "2008.06.24"]
[SourceVersion "1"]
[SourceVersionDate "2008.06.24"]
[SourceQuality "1"]

1. e4 e5 2. Nf3 Nc6 3. Bb5 a6 4. Bxc6 dxc6 5. Nxe5 Qe7 6. d4 f6 7. Nf3 Qxe4+ 8. Qe2 Qxe2+ 9. Kxe2 Bf5 10. Bf4 Bd6 11. Be3 0-0-0 12. c4 b6 13. Nc3 c5 14. Rad1 g5 15. h3 g4 16. hxg4 Bxg4 17. Rh4 f5 18. dxc5 Bxc5 19. Rxd8+ Kxd8 20. Rh1 Nf6 21. Bg5 Bd4 22. Kd3 Bxc3 23. Kxc3 Ke7 24. Re1+ Kf7 25. Ne5+ Kg7 26. f3 Bh5 27. g4 fxg4 28. fxg4 Bxg4 29. Rf1 Ne4+ 30. Kb4 Nxg5 31. Nxg4 h5 32. Ne5 h4 33. Rg1 Rh5 34. Nf3 h3 35. c5 h2 36. Nxh2 Rxh2 37. Rxg5+ Kf6 38. Rg4 Rxb2+ 39. Ka3 Rb5 40. cxb6 cxb6 41. Ka4 a5 42. a3 Rb1 43. Rf4+ Ke5 44. Rf8 Kd4 45. Rc8 Kd3 46. Rc6 Rb2 47. Rc1 Rc2 48. Rxc2 Kxc2 49. Kb5 Kb3 50. Kxb6 a4 0-1